Farm Animals - DVD Version - Statistics

General Stats
  • This quiz has been taken 18 times
    8 since last reset
  • The average score is 7 of 13
Answer Stats
Picture Answer % Correct
Cow
100%
Pig
67%
Bull
50%
Duck
50%
Goat
50%
Goose
50%
Hen
50%
Horse
50%
Llama
50%
Rooster
50%
Sheep
50%
Turkey
50%
Yak
33%
No matching quizzes found
Score Distribution
Percent of People with Each Score
Percentile by Number Answered
Your Score History
You have not taken this quiz since the last reset